MARC

LEADER 00000nam a2200000Ia 4500
001 22194
008 160829s9999 xx 000 0 cat d
080 |a NBM-4-5 
245 |a Diputació Barcelona [Objecte] 
260 |a Barcelona :  |b Diputació de Barcelona, [200- ?] 
300 |a 1 globus corporatiu ;  |c 12 cm 
710 1 |a Barcelona (Catalunya : Província).  |b Diputació  |9 52408 
901 |a Arxiu 
942 |n 1 
952 |0 0  |1 0  |4 0  |6 NBM45  |7 1  |9 48365  |a Arxiu  |b Arxiu  |d 2016-12-01  |l 0  |o NBM-4-5  |p 22194  |r 2016-12-01 00:00:00  |w 2016-12-01  |y ARXIU 
999 |c 52171  |d 52171